Management Information System (Record no. 529)

MARC details
000 -LEADER
Fixed length control field 00447nam a2200169 4500
003 - CONTROL NUMBER IDENTIFIER
Control field SEACOMMC
005 - DATE AND TIME OF LATEST TRANSACTION
Control field 20240422104038.0
008 - FIXED-LENGTH DATA ELEMENTS--GENERAL INFORMATION
Fixed length control field 240422b |||||||| |||| 00| 0 eng d
020 ## - INTERNATIONAL STANDARD BOOK NUMBER / ISBN
International Standard Book Number 9788174462534
Price 295.00
040 ## - CATALOGING SOURCE
Original cataloging agency SEACOMMC
082 ## - DEWEY DECIMAL CLASSIFICATION NUMBER
Classification number 658.4038011
Book Number A769
100 ## - MAIN ENTRY--PERSONAL NAME
Personal name Arora,Ashok
245 1# - TITLE STATEMENT
Title Management Information System
Statement of responsibility Ashok Arora, Akshaya Bhatia
260 ## - IMPRINT
Place of publication New Delhi
Name of publisher Excel Books
Date of publication 1999
650 ## - SUBJECT ADDED ENTRY--TOPICAL TERM
Topical term Management
942 ## - ADDED ENTRY ELEMENTS (KOHA)
Koha item type Books
Holdings
Withdrawn status Lost status Source of classification Damaged status Not for loan Home library Current library Date acquired Total Checkouts Call number Accession number Date last seen Price effective from Koha item type Copy number
    Dewey Decimal Classification     SEACOM MANAGEMENT COLLEGE SEACOM MANAGEMENT COLLEGE 21/09/2003   658.4038011 A769 M4 22/04/2024 22/04/2024 Books  
    Dewey Decimal Classification     SEACOM MANAGEMENT COLLEGE SEACOM MANAGEMENT COLLEGE 21/09/2003   658.4038011 A769 M5 22/04/2024 22/04/2024 Books 1
    Dewey Decimal Classification     SEACOM MANAGEMENT COLLEGE SEACOM MANAGEMENT COLLEGE 21/09/2003   658.4038011 A769 M6 22/04/2024 22/04/2024 Books 2
    Dewey Decimal Classification     SEACOM MANAGEMENT COLLEGE SEACOM MANAGEMENT COLLEGE 21/09/2003   658.4038011 A769 M7 22/04/2024 22/04/2024 Books 3
    Dewey Decimal Classification     SEACOM MANAGEMENT COLLEGE SEACOM MANAGEMENT COLLEGE 21/09/2003   658.4038011 A769 M8 22/04/2024 22/04/2024 Books 4
© Seacom Engineering College, All rights reserved.    Powered by Koha